000 01210nam a2200265 i 4500
001 4103337
005 19750325000000.0
008 750102s1974 sz a b i000 0 eng
010 _a 74194923
015 _aSw***
040 _aDLC
_cDLC
_dDLC
050 0 0 _aBV2653
_b.S77 1977
082 0 0 _a266/.009173/2
245 1 0 _aStruggle to be human :
_bstories of urban-industrial mission /
_cedited by Bobbi Wells Hargleroad ; designed by John Fulton.
260 _a[Geneva :
_bUrban and Industrial Mission Desk, Commission on World Mission and Evangelism, World Council of Churches,
_c1977
300 _a77 p. :
_bill. ;
_c21 cm.
504 _aBibliography: p. 77.
650 0 _aCity missions.
700 _aBobbi Wells Hargleroad
906 _a7
_bcbc
_corignew
_d4
_encip
_f19
_gy-gencatlg
942 _2lcc
_cBK
999 _c39853
_d39853